| 000 | 00410cam a2200169ua 4500 | ||
|---|---|---|---|
| 020 | _cRs.15/- | ||
| 041 |
_aeng _h |
||
| 082 |
_a940.53 _bCHU/SE |
||
| 100 | _aCharchill, Winston . | ||
| 245 |
_asecond word war / _cWinston. _hTextual Documents |
||
| 260 |
_aLondon : _bCassel and Company , _c1965. |
||
| 300 | _a334 ; . | ||
| 365 | _aRs.15/- | ||
| 504 | _a | ||
| 942 | _cBK | ||
| 999 |
_c12466 _d12466 |
||